000 00489nmm a2200169Ia 4500
008 251105s9999||||xx |||||||||||||||||und||
020 _a8497423941
041 _aspa
100 _aBarón Crespo, Enrique
245 0 _aEuropa :
_b Pasión y razón
264 _a[Madrid, España] :
_bBiblioteca Nueva,
_c2005
300 _a301 páginas
490 _aEnsayo Pensamiento
650 _aPolitical Science (General)
856 _uhttps://public.digitaliapublishing.com/a/5197
942 _cCF
999 _c74168
_d74168